[Event "AUTO-OPEN-3007"]
[Site "http://www.queenalice.com/game.php?id=1187738"]
[Date "2013.6.4"]
[Round "1"]
[White "italomachado"]
[Black "Martino"]
[Result "0-1"]
[WhiteElo "1496"]
[BlackElo "2169"]

1. e4 e6 2. e5 d5 3. d4 c5 4. dxc5 Nc6 5. h4 Nxe5 6. Bb5+ Bd7 7. c6 bxc6 8. Ba6
Qa5+ 9. Bd2 Qxa6 10. f4 Nc4 11. Qe2 Qb7 12. b3 Nxd2 13. Nxd2 Qc7 14. Nh3 g6 15.
Rf1 Bg7 16. O-O-O Qa5 17. c4 Qc3+ 18. Kb1 Qb2# 0-1

[Event "AUTO-OPEN-3007"]
[Site "http://www.queenalice.com/game.php?id=1187739"]
[Date "2013.6.4"]
[Round "1"]
[White "Martino"]
[Black "italomachado"]
[Result "1-0"]
[WhiteElo "2170"]
[BlackElo "1516"]

1. c4 d5 2. d4 dxc4 3. e4 c6 4. Bxc4 Qa5+ 5. Bd2 Qb6 6. Bc3 c5 7. Qh5 g6 8. Qxc5
Qd8 9. d5 e6 10. Qb5+ Nd7 11. Bxh8 a6 12. Qa4 b5 13. Bxb5 Rb8 14. Bc6 exd5 15.
Bc3 Ne7 16. exd5 Nf5 17. Qe4+ Be7 18. Nf3 Nd6 19. Qe5 f6 20. Qf4 Kf7 21. Ng5+
Kg8 22. Ne6 Qb6 23. Nd2 Nc5 24. Nxc5 g5 25. Qf3 g4 26. Qf4 Nf7 27. Nce4 f5 28.
Nf6+ Bxf6 29. Bxf6 h5 30. O-O Bb7 31. Qxb8+ Nd8 32. Bxd8 Qd4 33. Bf6+ Kf7 34.
Bxd4 Bxc6 35. dxc6 h4 36. Rfe1 f4 37. Qe8# 1-0

[Event "AUTO-MASTER-1885"]
[Site "http://www.queenalice.com/game.php?id=1187896"]
[Date "2013.6.4"]
[Round "1"]
[White "Tune"]
[Black "Martino"]
[Result "1-0"]
[WhiteElo "2249"]
[BlackElo "2078"]

1. e4 e6 2. d4 d5 3. Nc3 Bb4 4. e5 c5 5. Bd2 Ne7 6. Nb5 Bxd2+ 7. Qxd2 cxd4 8.
Nd6+ Kf8 9. f4 Nf5 10. Nxf5 exf5 11. Nf3 Be6 12. Nxd4 Nc6 13. Be2 Qb6 14. O-O-O
Rc8 15. Kb1 Nxd4 16. Qxd4 Qxd4 17. Rxd4 Ke7 18. Ra4 a6 19. Rb4 b5 20. a4 Rb8 21.
axb5 Bd7 22. b6 Bb5 23. Bf3 Rhd8 24. Rd1 Rxb6 25. Rxd5 Bc6 26. Rxb6 Bxd5 27.
Bxd5 1-0

[Event "AUTO-MASTER-1885"]
[Site "http://www.queenalice.com/game.php?id=1187897"]
[Date "2013.6.4"]
[Round "1"]
[White "Martino"]
[Black "Tune"]
[Result "0-1"]
[WhiteElo "2088"]
[BlackElo "2242"]

1. d4 Nf6 2. c4 e6 3. Nc3 Bb4 4. Qc2 O-O 5. Nf3 c5 6. e3 d5 7. a3 Bxc3+ 8. bxc3
Nc6 9. Bd3 dxc4 10. Bxc4 Qc7 11. O-O e5 12. Bb5 e4 13. Bxc6 Qxc6 14. Ne5 Qc7 15.
Qe2 Nd5 16. Qc4 Be6 17. Qxc5 Qxc5 18. dxc5 Rac8 19. a4 Nxc3 20. Ba3 f6 21. c6
Rfe8 0-1

[Event "AUTO-MASTER-1885"]
[Site "http://www.queenalice.com/game.php?id=1187908"]
[Date "2013.6.4"]
[Round "1"]
[White "hudd"]
[Black "Martino"]
[Result "1-0"]
[WhiteElo "1944"]
[BlackElo "2035"]

1. e4 e6 2. d4 d5 3. e5 c5 4. c3 Nc6 5. Bb5 Bd7 6. Nf3 cxd4 7. cxd4 Nxe5 8. Nxe5
Bxb5 9. Nc3 Bc6 10. O-O Nf6 11. Bg5 Be7 12. Qb3 O-O 13. Rfe1 Nd7 14. Bxe7 Qxe7
15. Nb5 1-0

[Event "AUTO-MASTER-1885"]
[Site "http://www.queenalice.com/game.php?id=1187909"]
[Date "2013.6.4"]
[Round "1"]
[White "Martino"]
[Black "hudd"]
[Result "0-1"]
[WhiteElo "2056"]
[BlackElo "1923"]

1. d4 d5 2. c4 e6 3. Nf3 c6 4. Nc3 dxc4 5. a4 Bb4 6. e4 b5 7. Bd2 Nf6 8. e5 Nd5
9. Ne4 Bxd2+ 10. Nfxd2 O-O 11. Be2 Nf4 12. Nd6 Nxg2+ 0-1

[Event "AUTO-MASTER-1885"]
[Site "http://www.queenalice.com/game.php?id=1187916"]
[Date "2013.6.4"]
[Round "1"]
[White "Martino"]
[Black "GildemarSantos"]
[Result "0-1"]
[WhiteElo "2140"]
[BlackElo "2037"]

1. d4 Nf6 2. c4 e6 3. Nc3 Bb4 4. Qc2 O-O 5. Nf3 c5 6. dxc5 Bxc5 7. Bg5 h6 8. Bh4
Qb6 9. e3 Nh7 10. Bd3 f5 11. O-O Nc6 0-1

[Event "AUTO-MASTER-1885"]
[Site "http://www.queenalice.com/game.php?id=1187917"]
[Date "2013.6.4"]
[Round "1"]
[White "GildemarSantos"]
[Black "Martino"]
[Result "1-0"]
[WhiteElo "2057"]
[BlackElo "2125"]

1. Nf3 f5 2. b3 Nf6 3. Bb2 e6 4. e3 b6 5. g3 Bb7 6. Bg2 Be7 7. O-O O-O 8. d4 d6
9. Nbd2 Qe8 10. c4 Qh5 11. Re1 Nbd7 12. Nf1 1-0

[Event "AUTO-MASTER-1887"]
[Site "http://www.queenalice.com/game.php?id=1188907"]
[Date "2013.6.7"]
[Round "1"]
[White "Flashinho"]
[Black "Martino"]
[Result "1-0"]
[WhiteElo "2155"]
[BlackElo "2069"]

1. e4 e6 2. d4 d5 3. Nc3 Bb4 4. e5 c5 5. a3 Bxc3+ 6. bxc3 Nc6 7. Qg4 Kf8 8. Nf3
f5 9. Qh5 Qe8 10. Qxe8+ Kxe8 11. dxc5 Bd7 12. c4 Nge7 13. cxd5 1-0

[Event "AUTO-MASTER-1887"]
[Site "http://www.queenalice.com/game.php?id=1188919"]
[Date "2013.6.7"]
[Round "1"]
[White "vivafischer"]
[Black "Martino"]
[Result "1-0"]
[WhiteElo "2260"]
[BlackElo "2149"]

1. e4 c5 2. c3 Nf6 3. e5 Nd5 4. d4 cxd4 5. Nf3 Nc6 6. cxd4 e6 7. a3 d6 8. Bd3
Be7 9. O-O dxe5 10. dxe5 O-O 11. Qe2 b6 12. Bxh7+ Kxh7 13. Qc2+ Kg8 14. Qxc6 Bd7
15. Qc4 f5 16. exf6 Bxf6 17. Nbd2 Rc8 18. Qb3 Qc7 19. Ne4 Qc2 20. Nxf6+ Rxf6 21.
Qxc2 Rxc2 22. Nd4 Rc4 23. Nf3 Rc2 24. Rb1 Bb5 25. Re1 1-0

[Event "AUTO-MASTER-1887"]
[Site "http://www.queenalice.com/game.php?id=1188920"]
[Date "2013.6.7"]
[Round "1"]
[White "Martino"]
[Black "vivafischer"]
[Result "0-1"]
[WhiteElo "2158"]
[BlackElo "2251"]

1. d4 Nf6 2. c4 g6 3. Nc3 d5 4. cxd5 Nxd5 5. e4 Nxc3 6. bxc3 Bg7 7. Be3 O-O 8.
Nf3 c5 9. Rb1 Qa5 10. Qd2 Nc6 11. Rb5 Qc7 12. Rxc5 b6 13. Rb5 Ba6 14. Rb1 Bxf1
15. Kxf1 Na5 16. Qd3 Rac8 17. Rc1 Nc4 18. h4 Nxe3+ 19. Qxe3 Qc4+ 20. Qe2 h5 21.
Qxc4 Rxc4 22. Ke2 Rfc8 0-1

[Event "AUTO-MASTER-1887"]
[Site "http://www.queenalice.com/game.php?id=1188927"]
[Date "2013.6.7"]
[Round "1"]
[White "Martino"]
[Black "renatosena2003"]
[Result "0-1"]
[WhiteElo "2111"]
[BlackElo "2171"]

1. e4 e5 2. f4 d6 3. Nf3 Nf6 4. Nc3 exf4 5. d4 Be7 6. Bxf4 O-O 7. Qd2 Nc6 8.
O-O-O a6 9. Bd3 Nb4 10. Bc4 b5 11. Bb3 Bg4 12. h3 Bxf3 13. gxf3 Nh5 14. Be3 c5
15. Nd5 Nxd5 16. Bxd5 cxd4 17. Bxd4 Bg5 18. Be3 Bxe3 19. Qxe3 Rb8 20. Rhg1 Qf6
0-1

[Event "AUTO-MASTER-1887"]
[Site "http://www.queenalice.com/game.php?id=1188928"]
[Date "2013.6.7"]
[Round "1"]
[White "renatosena2003"]
[Black "Martino"]
[Result "1-0"]
[WhiteElo "2181"]
[BlackElo "2101"]

1. d4 e6 2. c4 Nf6 3. Nf3 b6 4. g3 Bb7 5. Bg2 Be7 6. O-O O-O 7. Nc3 c5 8. dxc5
bxc5 9. b3 Nc6 10. Bb2 d5 11. cxd5 exd5 12. e3 a6 13. Qc2 Qc7 14. Rad1 Rfd8 15.
Rfe1 Rac8 16. Na4 Nb4 17. Qf5 Qd7 18. Qxd7 Nxd7 19. a3 Nc6 20. Rxd5 1-0